000 00699nam a2200241 i 4500
001 000039090
003 DO-SdBNP
005 20260421095509.0
007 ta
008 130520s1994 dr 000 0 spa d
040 _aDO-SdBNP
_bspa
_cBNPHU
_erda
041 _aspa
082 4 _axxx
_bxxx
_222
100 1 _aZapata, César Augusto,
_d1959 -
_eautor
_4aut.
_972848
245 1 0 _aJardín de augurios /
_cCésar Augusto Zapata.
264 1 _aSanto Domingo :
_bGlobo Publicidad,
_c1994.
300 _a78 páginas ;
_c21 cm.
336 _atexto
_btxt
_2rdacontent
337 _asin mediación
_bn
_2rdamedia
338 _avolumen
_bnc
_2rdacarrier
590 _aInventariado, 2026/BT
942 _2ddc
_cLBS1
999 _c38580
_d38580